01131nam a2200301 a 450000100060000000300080000600500170001400800410003102000130007203500190008504000270010404100080013108200270013910000510016624501210021726000490033830000270038750400300041465000280044465100340047265100430050670000350054970000260058471000500061094200120066099900170067295201400068965028BD-RjUL20211209081359.0170226s1981 bg b f000 0 eng  cTk123.22 a(BD-RjUL)65158 aDLCcDLCdBD-RjULbeng aeng00a382.9154223bRAC 19801 aRahamāna, Mohāmmada Ākhlākura.919272212aA customs union in South Asia :bprospects and problems /cby M. Akhlaqur Rahman, Ayubur Rahman Bhuyan, Sadrel Reza. aDacca :bB[angladesh] G[ovt.] P[ress],c1980 aviii, 127 p. ;c26 cm. aBibliography: p. 125-127. 0aCustoms Unions.9192723 0aSouth AsiaxCommerce.9192724 0aSouth AsiaxCommercial policy.91927251 aBhuyan, Ayubur Rahman.91927261 aReza, Sadrel.91927271 aBangladesh.bBahiḥ Sampada Bibhaga.9192728 2ddccBK c65028d65028 00102ddc40718NFICaRUCLbRUCLcReadingd1984-03-14eAsia foundationl0o382.9154 RAC 1980r2017-02-26 00:00:00tC-1w2017-02-26yBK